[Event "Berkeley CC Reti FNM; 30/90, SD/60"]
[Site "Berkeley"]
[Date "2011.05.13"]
[Round "4.6"]
[White "Delaney, Will F"]
[Black "Trestor, David J"]
[Result "1-0"]
[WhiteElo "1853"]
[BlackElo "1821"]
[PlyCount "63"]
[EventDate "2011.??.??"]
[SourceDate "2007.10.22"]

1. d4 Nf6 2. Nf3 g6 3. c3 Bg7 4. Qc2 d5 5. h3 Nc6 6. Bf4 Bf5 7. Qb3 Qd7 8. Nbd2
O-O-O 9. e3 Ne4 10. Bb5 f6 11. Qa4 Nxd2 12. Kxd2 Rhe8 13. Rhc1 e5 14. dxe5 g5
15. Nd4 gxf4 16. Nxc6 fxe3+ 17. fxe3 Qe6 18. Nxd8 Rxd8 19. Qxa7 c6 20. Be2 Qxe5
21. Qd4 Qe7 22. Bg4 Bxg4 23. Qxg4+ Rd7 24. Rf1 Bh6 25. Rae1 d4 26. cxd4 Qb4+
27. Kc2 Qc4+ 28. Kb1 Qd3+ 29. Ka1 f5 30. Qxf5 Qd2 31. Qf2 Qb4 32. Qc2 1-0

[Event "Berkeley CC Colle FNM; 30/90, SD/30"]
[Site "Berkeley"]
[Date "2011.06.17"]
[Round "2.12"]
[White "Deng, David"]
[Black "Alcaraz, Joel"]
[Result "0-1"]
[WhiteElo "1242"]
[BlackElo "1638"]
[PlyCount "120"]
[EventDate "2011.??.??"]
[SourceDate "2007.10.22"]

1. e4 c6 2. d4 d5 3. Nc3 dxe4 4. Nxe4 Bf5 5. Ng3 Bg6 6. Nf3 Nd7 7. Bd3 Bxd3 8.
Qxd3 Ngf6 9. O-O Qc7 10. c4 e6 11. c5 Nd5 12. a3 g6 13. b4 Bg7 14. Ne2 O-O 15.
g3 Rfe8 16. Re1 Rad8 17. Qc4 a6 18. Nf4 N7f6 19. Ne5 Qe7 20. Be3 Nxf4 21. Bxf4
Nd5 22. Bd2 Bxe5 23. Rxe5 Rd7 24. Rae1 Qd8 25. Bc1 Nc7 26. Bb2 Rd5 27. a4 Re7
28. Rxd5 Qxd5 29. Qxd5 Nxd5 30. Ba3 Nc3 31. a5 Nb5 32. Bb2 Rd7 33. Re4 Nc7 34.
Re3 f5 35. f4 Kf7 36. Kf2 Nd5 37. Rb3 Kf6 38. Kf3 h6 39. h4 g5 40. hxg5+ hxg5
41. fxg5+ Kxg5 42. Bc1+ Kh5 43. Bb2 Rg7 44. Kf2 Rg4 45. Ba1 Re4 46. Bb2 Kg4 47.
Ba1 f4 48. gxf4 Rxf4+ 49. Kg2 Kf5 50. Bb2 Nc7 51. Rd3 Ke4 52. Rd1 Kd5 53. Rb1
Nb5 54. Kg3 Re4 55. Kf3 Nxd4+ 56. Bxd4 Rxd4 57. Ke3 e5 58. Rb2 Kc4 59. Rc2+ Kb5
60. Rh2 Rxb4 0-1

[Event "Berkeley CC Capablanca FNM; 30/90, SD/3"]
[Site "Berkeley"]
[Date "2011.10.14"]
[Round "5.15"]
[White "Deng, David"]
[Black "Chen, Peter"]
[Result "0-1"]
[WhiteElo "1414"]
[BlackElo "825"]
[PlyCount "120"]
[EventDate "2011.??.??"]
[SourceDate "2007.10.22"]

1. e4 c5 2. Nf3 Nc6 3. d4 cxd4 4. Nxd4 Nf6 5. Nc3 e6 6. Be3 Bb4 7. f3 Qa5 8.
Nde2 d5 9. a3 Bxc3+ 10. Nxc3 dxe4 11. f4 a6 12. g3 Nd5 13. Bd4 Nxd4 14. Qxd4
Nxc3 15. Qxc3 Qxc3+ 16. bxc3 O-O 17. O-O-O f5 18. Bc4 Kh8 19. Rd6 Re8 20. Rhd1
b5 21. Bb3 h6 22. c4 e5 23. fxe5 Rxe5 24. c5 Rxc5 25. Rd8+ Kh7 26. Bg8+ Kg6 27.
R1d6+ Kg5 28. Bh7 Kg4 29. Rg8 Rc7 30. Rd5 Kh3 31. Bxf5+ Kxh2 32. Bxe4 Raa7 33.
Rd3 Bb7 34. Bxb7 Raxb7 35. Ra8 Ra7 36. Re8 Re7 37. Rxe7 Rxe7 38. Kd2 Kg2 39.
Rc3 h5 40. Rd3 Kf2 41. Rc3 Re2+ 42. Kd1 Re3 43. Rxe3 Kxe3 44. Ke1 Kf3 45. Kd2
Kxg3 46. Kc3 a5 47. Kd4 h4 48. Kc5 b4 49. axb4 axb4 50. Kxb4 h3 51. Kc5 h2 52.
Kd6 h1=Q 53. c4 Kf4 54. c5 g5 55. c6 Qxc6+ 56. Kxc6 g4 57. Kd5 g3 58. Kd4 g2
59. Kd5 g1=Q 60. Kc4 Qd1 0-1

[Event "Berkeley CC Colle FNM; 30/90, SD/30"]
[Site "Berkeley"]
[Date "2011.07.15"]
[Round "6.10"]
[White "Deng, David"]
[Black "Jenkins, Gerl L"]
[Result "0-1"]
[WhiteElo "1242"]
[BlackElo "1484"]
[PlyCount "104"]
[EventDate "2011.??.??"]
[SourceDate "2007.10.22"]

1. e4 e5 2. Nf3 Bc5 3. Bc4 d6 4. c3 Bg4 5. d4 exd4 6. cxd4 Bb6 7. Bxf7+ Kxf7 8.
Ng5+ Qxg5 9. Qb3+ Be6 10. Qxe6+ Kxe6 11. Bxg5 Bxd4 12. Nd2 b6 13. Rc1 Na6 14.
b3 Nf6 15. O-O h6 16. Bh4 g5 17. Bg3 Nh5 18. Nf3 Bc5 19. Rfe1 Nxg3 20. hxg3 Nb4
21. Re2 a5 22. Rce1 Rhf8 23. Rd2 Nc6 24. Rb1 Rf7 25. Re2 Raf8 26. Rd1 g4 27.
Nh2 Rxf2 28. Rxf2 Rxf2 29. Kh1 h5 30. Re1 Rxa2 31. Nf1 Bd4 32. Rb1 Ra1 33. Rxa1
Bxa1 34. Nd2 Bc3 35. Nb1 Be1 36. Kh2 b5 37. Na3 Nd4 38. Kh1 Bxg3 39. Kg1 Be1
40. Kf1 Bb4 41. Nb1 Nxb3 42. g3 Nd2+ 43. Nxd2 Bxd2 44. Ke2 Bc3 45. Kd3 Be5 46.
Kc2 Bxg3 47. Kb3 Be5 48. Ka3 g3 49. Kb3 g2 50. Ka3 g1=Q 51. Kb3 Qf2 52. Ka3
Qb2# 0-1

[Event "Berkeley CS Rubinstein FNM; 30/90, SD/3"]
[Site "Berkeley"]
[Date "2011.08.19"]
[Round "4.6"]
[White "Deng, David"]
[Black "Krasnov, Steven"]
[Result "0-1"]
[WhiteElo "1444"]
[BlackElo "1983"]
[PlyCount "84"]
[EventDate "2011.??.??"]
[SourceDate "2007.10.22"]

1. e4 c5 2. Nf3 Nc6 3. d4 cxd4 4. Nxd4 Nf6 5. Nxc6 bxc6 6. Nc3 d6 7. Bg5 e5 8.
Be2 Be7 9. Qd2 Rb8 10. b3 O-O 11. O-O h6 12. Be3 Qc7 13. Rad1 Ng4 14. h3 Nxe3
15. Qxe3 Qa5 16. a4 Be6 17. Qd2 Qb4 18. Nb1 Qxe4 19. Bf3 Qg6 20. Bxc6 Rfc8 21.
Bf3 Bxh3 22. Nc3 Bf5 23. Qe3 Bxc2 24. Be4 Bxe4 25. Nxe4 Rc7 26. f3 f5 27. Nf2
Qe6 28. Rb1 d5 29. Rfe1 e4 30. fxe4 dxe4 31. g4 Bc5 32. Qf4 Bxf2+ 33. Kxf2 Rc2+
34. Re2 Qb6+ 35. Kf1 Rc3 36. Qe5 Rf3+ 37. Kg2 Rxb3 38. Qd5+ Kh8 39. Rxb3 Qxb3
40. Qd7 Qf3+ 41. Kg1 Rb1+ 42. Kh2 Rh1# 0-1

[Event "Berkeley CC Ch2011 FNM; 30/90, SD/30"]
[Site "Berkeley"]
[Date "2011.11.11"]
[Round "2.13"]
[White "Deng, David"]
[Black "Larsen, Joseph"]
[Result "1-0"]
[WhiteElo "1422"]
[BlackElo "1620"]
[PlyCount "77"]
[EventDate "2011.??.??"]
[SourceDate "2007.10.22"]

1. e4 c5 2. Nf3 d6 3. d4 cxd4 4. Nxd4 Nf6 5. Nc3 a6 6. Bg5 Nbd7 7. f4 e6 8. Qf3
Be7 9. O-O-O O-O 10. Bc4 e5 11. Nde2 b5 12. Bb3 Bb7 13. Bxf6 Nxf6 14. fxe5 Nxe4
15. Nxe4 Kh8 16. Bd5 f5 17. Bxb7 fxe4 18. Qxe4 Rb8 19. Bd5 Qc7 20. exd6 Bxd6
21. c3 b4 22. Qc2 Rfc8 23. Rd3 h6 24. Kb1 Qb6 25. c4 Be5 26. g3 a5 27. Rf3 Bf6
28. Nf4 g5 29. Qg6 Be5 30. Qxb6 Rxb6 31. Ne6 Rbb8 32. Rhf1 Bd6 33. Rf6 b3 34.
Rxh6+ Kg8 35. Nxg5+ Kg7 36. Rff6 bxa2+ 37. Kxa2 Be5 38. Rfg6+ Kf8 39. Rh7 1-0

[Event "Berkeley CC Ch2011 FNM; 30/90, SD/30"]
[Site "Berkeley"]
[Date "2011.11.25"]
[Round "4.8"]
[White "Deng, David"]
[Black "Li Jr, William"]
[Result "0-1"]
[WhiteElo "1422"]
[BlackElo "1637"]
[PlyCount "83"]
[EventDate "2011.??.??"]
[SourceDate "2007.10.22"]

1. e4 c5 2. Nf3 e6 3. d4 cxd4 4. Nxd4 Nf6 5. f3 a6 6. c3 d5 7. exd5 Nxd5 8. Bc4
b5 9. Bxd5 Qxd5 10. Nb3 Bb7 11. Qxd5 Bxd5 12. Bf4 Nd7 13. N1d2 a5 14. Nd4 b4
15. c4 Bb7 16. Nb5 Rc8 17. Rc1 e5 18. Be3 Nc5 19. Bxc5 Bxc5 20. Nb3 Ke7 21.
Nxa5 Ba6 22. a4 bxa3 23. Nxa3 Bb4+ 24. Kf2 Bxa5 25. c5 Rhd8 26. Nc2 Rd2+ 27.
Kg3 Rxc5 28. b4 Rcxc2 29. Rxc2 Rxc2 30. bxa5 Ra2 31. Rc1 Rxa5 32. Rc7+ Kf6 33.
Rc6+ Kg5 34. h4+ Kh5 35. Kh3 f6 36. Rc7 Kg6 37. h5+ Kh6 38. g4 Ra3 39. Kh2 Rxf3
40. g5+ fxg5 41. Rc6+ Rf6 42. Rxa6 0-1

[Event "Berkeley CC Ch2011 FNM; 30/90, SD/30"]
[Site "Berkeley"]
[Date "2011.12.02"]
[Round "5.13"]
[White "Deng, David"]
[Black "Motschenbacher, Von"]
[Result "0-1"]
[WhiteElo "1422"]
[BlackElo "1687"]
[PlyCount "58"]
[EventDate "2011.??.??"]
[SourceDate "2007.10.22"]

1. e4 e6 2. d4 d5 3. exd5 exd5 4. Bd3 Bd6 5. Qe2+ Ne7 6. Bg5 f6 7. Bh4 Nbc6 8.
c3 Kf7 9. Nd2 Nf5 10. Bxf5 Bxf5 11. O-O-O Qd7 12. Qf3 Ne7 13. c4 c6 14. c5 Bc7
15. h3 Rhe8 16. Ne2 b6 17. Nb3 Be4 18. Qh5+ Bg6 19. Qf3 Nf5 20. Bg3 Nxg3 21.
Nxg3 Bxg3 22. fxg3 Re4 23. Rhe1 Rae8 24. Rxe4 Rxe4 25. Rd2 Qe6 26. Qc3 Re3 27.
Qb4 Qe4 28. Rd3 Rxd3 29. cxb6 Qe3+ 0-1

[Event "Berkeley CS Rubinstein FNM; 30/90, SD/3"]
[Site "Berkeley"]
[Date "2011.07.29"]
[Round "1.7"]
[White "Deng, David"]
[Black "Muntean, Tudor"]
[Result "0-1"]
[WhiteElo "1444"]
[BlackElo "1863"]
[PlyCount "54"]
[EventDate "2011.??.??"]
[SourceDate "2007.10.22"]

1. Nf3 d5 2. g3 f5 3. Bg2 Nf6 4. O-O e6 5. d3 Bd6 6. Bg5 c6 7. Nbd2 h6 8. Bxf6
Qxf6 9. c3 Nd7 10. Qc2 Nb6 11. Rac1 Bd7 12. Rfd1 g5 13. c4 c5 14. Qc3 d4 15.
Qc2 Bc6 16. b3 h5 17. Ne1 Bxg2 18. Nxg2 h4 19. gxh4 gxh4 20. Nf3 h3 21. Nge1
Qg6+ 22. Kh1 Ke7 23. e3 Rag8 24. e4 Bxh2 25. Kxh2 Qg2+ 26. Nxg2 hxg2+ 27. Kg1
Rh1# 0-1

[Event "Berkeley CC Capablanca FNM; 30/90, SD/3"]
[Site "Berkeley"]
[Date "2011.09.23"]
[Round "2.14"]
[White "Deng, David"]
[Black "Quadir, Mahiuddin"]
[Result "0-1"]
[WhiteElo "1414"]
[BlackElo "1658"]
[PlyCount "34"]
[EventDate "2011.??.??"]
[SourceDate "2007.10.22"]

1. e4 e5 2. Nf3 Nc6 3. Bb5 a6 4. Ba4 Nf6 5. d3 b5 6. Bb3 d6 7. Ng5 d5 8. exd5
Nd4 9. c4 Bg4 10. f3 Bh5 11. Nh3 Nxd5 12. cxd5 Qh4+ 13. Kd2 Bxf3 14. gxf3 Qxh3
15. Nc3 Qg2+ 16. Ne2 Bb4+ 17. Ke3 Qxf3# 0-1

[Event "Berkeley CC Colle FNM; 30/90, SD/30"]
[Site "Berkeley"]
[Date "2011.07.01"]
[Round "4.10"]
[White "Deng, David"]
[Black "Walters, Kevin"]
[Result "0-1"]
[WhiteElo "1242"]
[BlackElo "1633"]
[PlyCount "106"]
[EventDate "2011.??.??"]
[SourceDate "2007.10.22"]

1. e4 d5 2. exd5 c6 3. dxc6 Nxc6 4. Nf3 Bf5 5. Bb5 Qb6 6. Nc3 e6 7. d3 Bc5 8.
O-O Nf6 9. Bg5 O-O-O 10. Bxc6 Qxc6 11. Ne5 Qc7 12. Bf4 Qe7 13. Qf3 Nd5 14. Nxd5
Rxd5 15. c4 Rd6 16. Ng6 hxg6 17. Bxd6 Bxd6 18. h3 Qg5 19. g4 Rh4 20. Rfd1 Bxg4
21. hxg4 Rxg4+ 22. Kf1 Rg1+ 23. Ke2 Qe5+ 24. Qe3 Qxb2+ 25. Qd2 Qe5+ 26. Qe3
Qh5+ 27. Qf3 Rg5 28. Qxh5 gxh5 29. Rh1 Be7 30. Rag1 Re5+ 31. Kd2 g6 32. Rf1 h4
33. Rh3 g5 34. Re3 Ra5 35. Rf3 Rxa2+ 36. Ke3 f6 37. d4 g4 38. Rf4 f5 39. Kd3
Bg5 40. Ke3 Ra3+ 41. Ke2 Bxf4 42. Rh1 Rh3 43. Rd1 Rh2 44. d5 exd5 45. Rxd5 g3
46. Rxf5 Rxf2+ 47. Ke1 Bd2+ 48. Kd1 Rxf5 49. Kxd2 g2 50. c5 g1=Q 51. c6 Qd4+
52. Ke2 Rf2+ 53. Ke1 Qd2# 0-1

[Event "BCC Josh Friedel Marathon"]
[Site "?"]
[Date "2008.07.18"]
[Round "2.6"]
[White "Dorn, Richard"]
[Black "Shaughnessy, Elizabeth"]
[Result "1-0"]
[WhiteElo "1925"]
[BlackElo "1618"]
[Annotator ",Elizabeth"]
[PlyCount "98"]
[EventDate "2007.11.18"]
[SourceDate "2007.10.22"]

1. c4 e5 2. Nc3 Bc5 3. g3 Nf6 4. Bg2 O-O 5. Nf3 d6 6. O-O Nc6 7. d3 Be6 8. Na4
Bb6 9. a3 Qd7 10. b4 Bh3 11. Nxb6 axb6 12. Bb2 Bxg2 13. Kxg2 Ne7 14. Qc2 Ng6
15. h3 Qf5 16. e4 Qh5 17. Nh2 h6 18. Rae1 Nh7 19. d4 f5 20. exf5 Rxf5 21. dxe5
dxe5 22. Qe4 c6 23. Qg4 Nf6 24. Qxh5 Nxh5 25. Ng4 Re8 26. Rd1 Nf6 27. Ne3 Rg5
28. Kh2 e4 29. Rd6 Kh7 30. Rfd1 Ne5 31. Bxe5 Rexe5 32. Rd8 Rh5 33. R1d6 Reg5
34. Kg2 Rg6 35. Rb8 Rhg5 36. Rxb7 Nh5 37. Rxg6 Rxg6 38. Rxb6 Nf4+ 39. Kf1 Nxh3
40. b5 Rf6 41. Ng4 Rf3 42. bxc6 Rf8 43. c7 Rc8 44. Rc6 Ng5 45. Ne5 Kg8 46. Nd7
Nf7 47. Nb6 Nd8 48. Rc5 Ne6 49. Rc6 Nd8 {(black loses on time)} 1-0

[Event "Berkeley CC De Firmian FNM; 30/90, SD/30"]
[Site "Berkeley"]
[Date "2012.03.30"]
[Round "1.11"]
[White "Douglas, Brent"]
[Black "Lesquillier, Walte"]
[Result "0-1"]
[WhiteElo "1120"]
[BlackElo "1746"]
[PlyCount "38"]
[EventDate "2012.??.??"]

1. e4 e5 2. h4 Nf6 3. Nc3 Bb4 4. Nd5 Bc5 5. Bd3 d6 6. b4 Bb6 7. a4 c6 8. Ne3
Be6 9. c3 O-O 10. Bc4 Bxe3 11. Bxe6 Bxf2+ 12. Kf1 Bxg1 13. Rxg1 fxe6 14. d3
Nxe4+ 15. Ke1 Qxh4+ 16. g3 Nxg3 17. Ra2 Nf1+ 18. Rg3 Qxg3+ 19. Ke2 Qf2# 0-1

[Event "Berkeley CC De Firmian FNM; 30/90, SD/30"]
[Site "Berkeley"]
[Date "2012.04.06"]
[Round "2.12"]
[White "Douglas, Brent"]
[Black "Sadowsky, Jacob An"]
[Result "0-1"]
[WhiteElo "1120"]
[BlackElo "1721"]
[PlyCount "100"]
[EventDate "2012.??.??"]

1. e4 d5 2. Nc3 d4 3. Nd5 e5 4. a3 Nf6 5. Bb5+ c6 6. Nxf6+ Qxf6 7. Bc4 Bc5 8.
b4 Bb6 9. d3 O-O 10. Nf3 h6 11. h3 Be6 12. g4 Bxc4 13. g5 hxg5 14. Nxg5 g6 15.
Nf3 Kg7 16. Bg5 Qe6 17. Qd2 Rh8 18. h4 Rh5 19. O-O-O a5 20. Rdg1 Kf8 21. Bh6+
Ke8 22. Ng5 Qe7 23. dxc4 axb4 24. Nh7 Nd7 25. Bg5 f6 26. Nxf6+ Nxf6 27. Bxf6
Qxf6 28. Qxb4 c5 29. Qb5+ Kd8 30. Rg5 Qxg5+ 31. hxg5 Rxh1+ 32. Kd2 Kc7 33. a4
Rg1 34. Ke2 Rxg5 35. Qb3 Rf8 36. a5 Bxa5 37. Qh3 Rf4 38. f3 Rg1 39. Qh7+ Kb6
40. Kf2 Rg5 41. Qh6 Bd2 42. Qh8 Be3+ 43. Ke2 Rg2+ 44. Kd1 Rg1+ 45. Ke2 Ra1 46.
Qd8+ Ka7 47. Qd5 Ra5 48. Qxe5 Rh4 49. c3 Ra2+ 50. Kf1 Rh1# 0-1

[Event "Berkeley CC Ch2011 FNM; 30/90, SD/30"]
[Site "Berkeley"]
[Date "2011.11.11"]
[Round "2.10"]
[White "Douglas, Brent"]
[Black "Wang, Yuan"]
[Result "0-1"]
[WhiteElo "1120"]
[BlackElo "1984"]
[PlyCount "25"]
[EventDate "2011.??.??"]
[SourceDate "2007.10.22"]

1. f4 d5 2. h3 Nf6 3. Nc3 c5 4. d3 Nc6 5. Nf3 e6 6. e3 Be7 7. g3 O-O 8. Nh4 c4
9. d4 b5 10. f5 exf5 11. Nxf5 Bxf5 12. e4 Be6 13. Bg2 {remainder illegible} 0-1

[Event "Joseph Henry Blackburne FNM; 30/90, SD/"]
[Site "Berkeley"]
[Date "2009.03.20"]
[Round "2.6"]
[White "Doylet, Daniel"]
[Black "Macintyre, Brendan"]
[Result "0-1"]
[WhiteElo "1835"]
[BlackElo "1642"]
[PlyCount "71"]
[EventDate "2009.??.??"]
[SourceDate "2007.10.22"]

1. Nf3 d5 2. d4 Nf6 3. c4 e6 4. Nc3 Be7 5. e3 c5 6. b3 O-O 7. Bb2 Nc6 8. Be2
cxd4 9. exd4 a6 10. O-O b6 11. a3 Bb7 12. Rc1 Rc8 13. Re1 Bd6 14. Bf1 Qc7 15.
Nb5 axb5 16. cxb5 Qe7 17. bxc6 Rxc6 18. Rxc6 Bxc6 19. a4 Ne4 20. Bd3 Rc8 21.
Qe2 Qc7 22. Rc1 Qd8 23. Ba6 Rc7 24. Nd2 Bf4 25. Rd1 Nxd2 26. Rxd2 Bxd2 27. Qxd2
Bb7 28. Bd3 Qe7 29. h3 Rc8 30. b4 f6 31. f4 Qd7 32. Qe2 Re8 33. b5 Qd6 34.
Bxh7+ Kf8 35. Qf3 Kf7 36. Ba3 0-1

[Event "Berkeley CC Reti FNM; 30/90, SD/60"]
[Site "Berkeley"]
[Date "2011.04.22"]
[Round "1.3"]
[White "Duckworth III, Edw"]
[Black "Krasnov, Steven Le"]
[Result "0-1"]
[WhiteElo "1642"]
[BlackElo "1968"]
[PlyCount "52"]
[EventDate "2011.??.??"]
[SourceDate "2007.10.22"]

1. e4 c5 2. Nf3 e6 3. d4 cxd4 4. Nxd4 a6 5. Be3 Qc7 6. g3 Nf6 7. Bg2 Be7 8. O-O
Nc6 9. Nb3 O-O 10. N1d2 d5 11. exd5 Nxd5 12. Qe2 Nxe3 13. Qxe3 e5 14. a3 Bf5
15. Rac1 h6 16. Nc4 Bg5 17. f4 exf4 18. gxf4 Bf6 19. c3 Rfe8 20. Qc5 Bd3 21.
Nb6 Rad8 22. Nd5 Qd6 23. Nxf6+ Qxf6 24. Rf2 Qg6 25. f5 Qg5 26. Kh1 Re5 0-1

[Event "Shorman Sunday Night Marathon"]
[Site "?"]
[Date "2007.12.09"]
[Round "1"]
[White "Duran, Robert"]
[Black "Krasnov, Steven"]
[Result "0-1"]
[WhiteElo "1641"]
[BlackElo "1973"]
[PlyCount "88"]
[EventDate "2007.12.09"]
[SourceDate "2007.10.22"]

1. e4 c5 2. Nf3 d6 3. d4 cxd4 4. Nxd4 Nf6 5. Nc3 a6 6. Be3 Ng4 7. Bg5 h6 8. Bh4
g5 9. Bg3 Bg7 10. Qd2 Nc6 11. Nf5 Bxf5 12. exf5 Qa5 13. h3 Nge5 14. Be2 Nd4 15.
O-O Nxf5 16. Bh2 Nd4 17. Bxe5 dxe5 18. Bd3 Rc8 19. Qd1 O-O 20. Re1 f5 21. Rc1
e4 22. Bf1 e6 23. a3 Qb6 24. Na4 Qc6 25. c3 Nb5 26. Qc2 Rfd8 27. Re3 Nd4 28.
Qb1 Nb3 29. Qc2 Qxa4 30. c4 Nc5 31. b3 Qd7 32. Be2 Bd4 33. Rd1 Qc7 34. Rg3 Qxg3
35. Rxd4 Qxb3 36. Qd2 Nd3 37. Rxd8+ Rxd8 38. Qa5 Rd7 39. c5 Qb1+ 40. Bf1 Qe1
41. Qa4 Qxf2+ 42. Kh2 Nxc5 43. Qc4 b5 44. Qc1 Qf4+ 0-1

[Event "George Koltanowski Sunday Marathon"]
[Site "?"]
[Date "2007.10.21"]
[Round "1"]
[White "Duran, Robert"]
[Black "Petty, David"]
[Result "0-1"]
[WhiteElo "1601"]
[BlackElo "1923"]
[PlyCount "78"]
[EventDate "2007.10.28"]
[SourceDate "2007.10.22"]

1. e4 c5 2. Nf3 d6 3. d4 cxd4 4. Nxd4 Nf6 5. Nc3 a6 6. Be3 e5 7. Nb3 Be7 8. f3
Be6 9. g4 d5 10. g5 d4 11. Nxd4 exd4 12. Bxd4 Nh5 13. h4 Nc6 14. Be3 Qxd1+ 15.
Rxd1 Ng3 16. Rg1 Nxf1 17. Kxf1 O-O 18. a3 Rad8 19. Kg2 Rxd1 20. Rxd1 Rd8 21.
Nd5 Bxd5 22. Rxd5 Rxd5 23. exd5 Ne5 24. f4 Nc4 25. Bc1 Nb6 26. c4 Nxc4 27. Kf3
f5 28. gxf6 Bxf6 29. b3 Nb6 30. Be3 Nd7 31. Ke4 Bxh4 32. Bd4 Be7 33. b4 a5 34.
bxa5 Bxa3 35. Bc3 Kf7 36. Kf5 g6+ 37. Kg5 Bd6 38. Bd2 Nf6 39. f5 Ne4+ 0-1

[Event "Shorman Sunday Night Marathon"]
[Site "?"]
[Date "2008.01.20"]
[Round "5"]
[White "Duran, Robert"]
[Black "Petty, David"]
[Result "0-1"]
[WhiteElo "1641"]
[BlackElo "1881"]
[PlyCount "46"]
[EventDate "2008.??.??"]
[SourceDate "2007.10.22"]

1. e4 e5 2. Bc4 Nf6 3. d4 Nc6 4. Nf3 exd4 5. Ng5 d5 6. exd5 Na5 7. Bb5+ c6 8.
dxc6 bxc6 9. Be2 Bd6 10. O-O O-O 11. Nf3 c5 12. Bg5 Bb7 13. h3 Bc7 14. Bh4 Re8
15. c3 Nc6 16. Ng5 Ne5 17. cxd4 cxd4 18. Bb5 Qd5 19. Nf3 Nxf3+ 20. gxf3 Qxb5
21. Bxf6 gxf6 22. Qxd4 Rad8 23. Qxf6 Re6 0-1

[Event "George Koltanowski Sunday Marathon"]
[Site "?"]
[Date "2007.11.11"]
[Round "4"]
[White "Duran, Robert"]
[Black "Sherwood, Peter"]
[Result "1-0"]
[WhiteElo "1609"]
[BlackElo "1787"]
[PlyCount "127"]
[EventDate "2007.10.28"]
[SourceDate "2007.10.22"]

1. e4 e6 2. d4 d5 3. Nd2 c5 4. exd5 Qxd5 5. Ngf3 cxd4 6. Bc4 Qd6 7. O-O Nf6 8.
Nb3 Nc6 9. Nbxd4 Nxd4 10. Nxd4 Qc7 11. Qe2 a6 12. Bb3 Bd6 13. h3 O-O 14. Bg5
Nd5 15. Qf3 Ne7 16. Bh4 Rb8 17. c3 Ng6 18. Bg3 b5 19. Bxd6 Qxd6 20. Bc2 Bb7 21.
Be4 Bxe4 22. Qxe4 Ne7 23. Rfd1 Nd5 24. Nf3 Qe7 25. Rxd5 Rb7 26. Rd4 h6 27. Rad1
Rc8 28. Ne5 Rbc7 29. Rd7 Qe8 30. Qd4 Rxd7 31. Qxd7 Qf8 32. Nc6 Kh7 33. Nd8 Rc4
34. Qxf7 Qxf7 35. Nxf7 Re4 36. Kf1 Kg6 37. Nd8 Kf6 38. Nc6 Rc4 39. Nd4 Rc7 40.
Nf3 Rc6 41. Rd4 e5 42. Rd7 g5 43. Rh7 Kf5 44. Ke2 Re6 45. Rd7 Kf6 46. Ke3 Kf5
47. Rd5 Kf6 48. Ke4 Rc6 49. Rxe5 Rc4+ 50. Nd4 b4 51. Re6+ Kg7 52. Kd5 Rc8 53.
c4 a5 54. Rd6 h5 55. c5 g4 56. hxg4 hxg4 57. f3 gxf3 58. gxf3 Rh8 59. Nf5+ Kf8
60. a3 bxa3 61. bxa3 Rh3 62. Nd4 Rh1 63. Ra6 Rh5+ 64. Kc4 1-0

[Event "BCC Grand ReOpening 2007"]
[Site "?"]
[Date "2007.10.07"]
[Round "5"]
[White "Duran, Robert"]
[Black "Svoboda, Steven"]
[Result "0-1"]
[WhiteElo "1620"]
[BlackElo "1901"]
[PlyCount "82"]
[EventDate "2007.??.??"]
[SourceDate "2007.10.22"]

1. e4 c5 2. Nf3 Nc6 3. d4 cxd4 4. Nxd4 Nf6 5. Nc3 d6 6. Be2 g6 7. f3 Bg7 8. Be3
O-O 9. Qd2 Bd7 10. O-O-O Rc8 11. h4 Ne5 12. h5 Nxh5 13. Rxh5 gxh5 14. Bh6 e6
15. Bxg7 Kxg7 16. Rh1 h4 17. f4 Ng6 18. Nf3 Qf6 19. f5 Rxc3 20. bxc3 exf5 21.
e5 Nxe5 22. Nxh4 Ng4 23. Bd3 Rc8 24. Nf3 Rxc3 25. Rh5 Ra3 26. Rg5+ Kf8 27. Qf4
Ne5 28. Nxe5 Qxe5 29. Qh4 Rxa2 30. Kd2 Ra1 31. Qh6+ Ke7 32. Qh4 Rh1 33. Qxh1
Qf4+ 34. Kd1 Qxg5 35. Qe1+ Be6 36. Qb4 Qg4+ 37. Qxg4 fxg4 38. Bxh7 f5 39. Ke2
Kf6 40. Kd3 Kg7 41. Bxf5 Bxf5+ 0-1

[Event "BCC Adolf Anderssen Friday Night Marath"]
[Site "Berkeley"]
[Date "2009.02.06"]
[Round "5"]
[White "Edwards-el, John"]
[Black "Craven, Richard M"]
[Result "0-1"]
[WhiteElo "1269"]
[BlackElo "1515"]
[PlyCount "114"]
[EventDate "2009.??.??"]
[SourceDate "2007.10.22"]

1. c4 Nf6 2. Nc3 c5 3. g3 e5 4. Bg2 Nc6 5. d3 Be7 6. Rb1 d6 7. Nd5 O-O 8. Nf3
Nxd5 9. cxd5 Nd4 10. Nxd4 cxd4 11. b4 b5 12. a4 bxa4 13. Qxa4 Bd7 14. Qa5 Qc8
15. O-O Bd8 16. Qa3 a5 17. b5 Qc5 18. Rb3 a4 19. Rb4 Bxb5 20. Bd2 Ba5 21. Rc1
Bxb4 22. Qxb4 Qxb4 23. Bxb4 Ra6 24. Ba3 Bd7 25. Rc7 Bf5 26. f3 e4 27. fxe4 Bg4
28. Bf1 f5 29. h3 Bh5 30. Rd7 fxe4 31. Bxd6 Rxd6 32. Rxd6 e3 33. g4 Ra8 34.
gxh5 a3 35. Rc6 a2 36. Rc1 a1=Q 37. Rxa1 Rxa1 38. Kg2 Ra5 39. Kg3 Rxd5 40. Bg2
Rxh5 41. h4 Rf5 42. Bf3 Kf7 43. Kg4 Kf6 44. Be4 h5+ 45. Kg3 Rf2 46. Bf3 g6 47.
Kf4 Rh2 48. Kg3 Rf2 49. Kf4 Ke6 50. Ke4 Kf6 51. Kxd4 Rxf3 52. Ke4 Rh3 53. d4
Ke6 54. Kd3 Kd5 55. Kc3 Rxh4 56. Kd3 Re4 57. Kc3 Rxd4 0-1

[Event "Berkeley CC Reti FNM; 30/90, SD/60"]
[Site "Berkeley"]
[Date "2011.05.13"]
[Round "4.15"]
[White "Esfahani, Joedat"]
[Black "Auyoung, Nathan"]
[Result "1-0"]
[WhiteElo "1393"]
[BlackElo "1197"]
[PlyCount "111"]
[EventDate "2011.??.??"]
[SourceDate "2007.10.22"]

1. e4 e5 2. Nf3 Nc6 3. Bc4 Bc5 4. Nc3 Nf6 5. Ng5 O-O 6. Nxf7 Rxf7 7. Bxf7+ Kxf7
8. d3 h6 9. Qf3 Nd4 10. Qd1 Bb4 11. O-O Bc5 12. Be3 d6 13. Nd5 c6 14. Nxf6 Qxf6
15. f4 Kg8 16. f5 Nxc2 17. Bxc5 Nxa1 18. Be3 d5 19. Qxa1 d4 20. Bd2 c5 21. Qc1
b6 22. Qc4+ Qf7 23. Qxf7+ Kxf7 24. g4 Kf6 25. h4 g5 26. fxg6+ Kxg6 27. g5 hxg5
28. hxg5 Ba6 29. Rf3 c4 30. dxc4 Bxc4 31. b3 Be2 32. Rf6+ Kg7 33. Re6 Rc8 34.
Rxe5 Rc2 35. Bf4 d3 36. Rd5 Rxa2 37. Kf2 Rb2 38. Be5+ Kg6 39. Bxb2 Kf7 40. Rd7+
Kg6 41. Rg7+ Kh5 42. Bc3 Kg4 43. Ke3 a6 44. Bf6 a5 45. Rb7 Bf1 46. Rxb6 Kh5 47.
Rb5 d2 48. Rd5 Kg6 49. Rxd2 Bh3 50. Rd5 Be6 51. Rb5 Bf7 52. Kd3 a4 53. bxa4 Kh7
54. a5 Be8 55. Rb6 Bd7 56. a6 1-0

[Event "Berkeley CC De Firmian FNM; 30/90, SD/30"]
[Site "Berkeley"]
[Date "2012.04.13"]
[Round "3.13"]
[White "Fisher, Wilson"]
[Black "Sung, Kevin Yu"]
[Result "0-1"]
[WhiteElo "838"]
[BlackElo "1483"]
[PlyCount "82"]
[EventDate "2012.??.??"]

1. e4 e6 2. d4 d5 3. Nc3 Bb4 4. Bd3 c5 5. Nf3 Nc6 6. dxc5 dxe4 7. Bxe4 Qxd1+ 8.
Kxd1 Bxc3 9. bxc3 Nf6 10. Re1 Nxe4 11. Rxe4 O-O 12. Bg5 Bd7 13. Nd4 f6 14. Nxe6
Bxe6 15. Rxe6 fxg5 16. Ke1 Rf5 17. Rb1 Rxc5 18. Rb3 Rc8 19. Ra3 a6 20. Re4 Kf7
21. c4 Na5 22. Rf3+ Kg8 23. Rfe3 Nxc4 24. Re8+ Rxe8 25. Rxe8+ Kf7 26. Rb8 b5
27. Rb7+ Kf6 28. Rb8 Rd5 29. Rf8+ Ke7 30. Rc8 g4 31. f3 gxf3 32. gxf3 Ke6 33.
Rc7 Rd7 34. Rc6+ Rd6 35. Rc7 Kf6 36. Ke2 a5 37. Rc5 Rd2+ 38. Ke1 Rxc2 39. Rxb5
Rxa2 40. Rc5 Ne5 41. Rd5 Nxf3+ 0-1